Komunikácie usporiadali Tatranská galéria, Poprad, Photofusion, London 21.9.1995-24.11.1996

Bibliographic Details
Other Authors: Benická, Lucia, 1963- (Author of afterword, colophon, etc., Translator, Photographer), Nicholls, Piers H. (Author of afterword, colophon, etc.), Lee, Ray (Author of afterword, colophon, etc.), West, Nicky (Author of afterword, colophon, etc.), Wiblin, Jan (Author of afterword, colophon, etc.), Šebestová, Jana (Author of afterword, colophon, etc.), Kočan, Robo, 1968- (Author of afterword, colophon, etc., Photographer), Smith, James Sutherland (Translator), Jassingerová, Edita (Translator), Haaková, Jitka, 1943- (Translator), Kapusta, Milan (Photographer), Varga, Kamil, 1962- (Photographer), Prekop, Rudolf (Photographer), Ondzik, Jozef, 1964- (Photographer)
Format: Book
Language:Slovak
PhysicalDescription:[68] s. čiernobiele a fareb. fotogr. 21 x 21 cm
Published: Poprad Tatranská galéria 1995
ISBN:8096698982
Subjects:

MARC

LEADER 00000nam a2200000 a 4500
001 vtls001250347
003 SK-MaSNL
005 20260331203801.0
008 130606s1996 xo o g c 00000dslo
015 |a SNBE1996/01-00128 
020 |a 8096698982 
035 |a SNK000201166 
040 |a SNK  |b slo  |c SNK  |e AACR2 
041 0 |a slo 
044 |a xo  |c SK 
080 |a 77.04(437.6+420):061.4(083.9)=854=20  |2 1981 
080 |a 069.6.02:73/76  |2 1981 
100 1 |a Benická, Lucia,  |d 1963-  |4 aft  |4 trl  |4 pht  |9 182702 
245 1 0 |a Komunikácie  |b usporiadali Tatranská galéria, Poprad, Photofusion, London 21.9.1995-24.11.1996  |c Lucia Benická ; text Piers H. Nicholls... [et al.] ; preklad James Sutherland Smith... [et al.] ; fotografie Robo Kočan... [et al.] 
260 |a Poprad  |b Tatranská galéria  |c 1995 
300 |a [68] s.  |b čiernobiele a fareb. fotogr.  |c 21 x 21 cm 
500 |a Biogr. údaje 
650 0 7 |a umelecká fotografia  |2 SNKPH  |9 29370 
651 7 |a Žilina (Slovensko)  |2 SNKPH  |9 28812 
651 7 |a Prešov (Slovensko)  |2 SNKPH  |9 17347 
651 7 |a Košice (Slovensko)  |2 SNKPH  |9 18694 
655 7 |a katalógy výstav  |2 SNKPH  |9 70445 
700 1 |a Nicholls, Piers H.  |4 aft  |9 46002 
700 1 |a Lee, Ray  |4 aft  |9 45280 
700 1 |a West, Nicky  |4 aft  |9 47751 
700 1 |a Wiblin, Jan  |4 aft  |9 47756 
700 1 |a Šebestová, Jana  |4 aft  |9 243503 
700 1 |a Kočan, Robo,  |d 1968-  |4 aft  |9 99226 
700 1 |a Smith, James Sutherland  |4 trl  |9 46874 
700 1 |a Jassingerová, Edita  |4 trl  |9 22129 
700 1 |a Haaková, Jitka,  |d 1943-  |4 trl  |9 114608 
700 1 |a Ondrášková, Eva  |4 bkd  |9 243320 
700 1 |a Labudová, Andrea  |4 bkd  |9 45184 
700 1 |a Kočan, Robo,  |d 1968-  |4 pht  |9 99226 
700 1 |a Kapusta, Milan  |4 pht  |9 277477 
700 1 |a Varga, Kamil,  |d 1962-  |4 pht  |9 199205 
700 1 |a Prekop, Rudolf  |4 pht  |9 355110 
700 1 |a Ondzik, Jozef,  |d 1964-  |4 pht  |9 214179 
710 2 |a Tatranská galéria (Poprad, Slovensko)  |4 orm  |9 29844 
710 2 |a Photofusion (Londýn, Anglicko)  |4 orm  |9 355111 
710 2 |a Považská galéria umenia  |4 orm  |9 253316 
710 2 |a Múzeum moderného umenia rodiny Warholovcov  |4 orm  |9 32294 
710 2 |a Galéria umelcov Spiša (Spišská Nová Ves, Slovensko)  |4 orm  |9 30275 
710 2 |a Šarišská galéria v Prešove  |4 orm  |9 31757 
710 2 |a Galéria Júliusa Jakobyho (Košice, Slovensko)  |4 orm  |9 29565 
710 2 |a Galéria P. M. Bohúňa (Liptovský Mikuláš, Slovensko)  |4 orm  |9 32568 
919 |a 80-966989-8-2 
958 |a BX 
999 |c 600095  |d 602025 
952 |t P60, <04>, [BOOK], {604}  |a SNK  |b SNK  |y VYP  |7 0  |p 17A0386126  |o snkOSC 18312 D1  |i snkKSP 1884/96  |0 0  |1 0  |4 0  |d 2003-06-04  |l 0  |r 2005-01-01 00:00:00  |w 2026-02-23